Normal view
MARC view
Entry Topical Term
001 - CONTROL NUMBER
- control field: 29307
003 - CONTROL NUMBER IDENTIFIER
- control field: ARRUPE
005 - DATE AND TIME OF LATEST TRANSACTION
- control field: 20170310120620.0
008 - FIXED-LENGTH DATA ELEMENTS
- fixed length control field: 170310|| aca||aabn | a|a d
040 ## - CATALOGING SOURCE
- Original cataloging agency: ARRUPE
- Transcribing agency: ARRUPE
150 ## - HEADING--TOPICAL TERM
- Topical term or geographic name as entry element: Individualism
670 ## - SOURCE DATA FOUND
- Source citation: Work cat.: (ARRUPE): Bellah, Robert N. et al... 29305, Habits of the heart, 1996